00719 2200253 4500001002100000005001500021035002000036007000300056008004100059020002200100082001800122084002400140100002300164245010900187250001000296260003300306300003100339650002300370700002400393990001200417990001200429990001200441990001200453INLIS00000000000531220200706032133 a0010-0220000030ta200706 b 0 ind  a978-979-29-6143-0 a792.809 598 2 a792.809 598 2 PAS b0 aPASKALINA, Askalin1 aBuku Aktivitas Anak :bMengenal 34 Jenis Tari Nusantara /cPaskalina Askalin; editor, Th. Arie Prabawati acet.1 aYogyakarta :bRainbow,c2017 a69 hlm. :bilus. ;c28 cm. 4aTARIAN - INDONESIA0 aARIE, Prabawati Th. a17011 A a17011 B a17011 C a17011 D